Statystyki dla Czy wiesz ...?

Kliknij tutaj aby rozwiązać quiz!

Ogólne statystyki

  • Ten quiz został rozwiązany 303 razy
  • Średni wynik to 8 z 15

Statystyki odpowiedzi

PytanieOdpowiedź% Poprawnych
Czy wiesz ile kolorów ma flaga Wielkiej Brytanii?3
98%
Czy wiesz ile rzek płynie przez Egipt?1
95%
Czy wiesz którym prezydentem III RP jest Andrzej Duda?6
88%
Czy wiesz ile jest osób liczy Polska? (odpowiedz podaj tylko w milionach)37
74%
Czy wiesz z ilu landów składają się Niemcy?16
72%
Czy wiesz ile państw liczy Unia Europejska? (po wyjściu UK)27
70%
Czy wiesz kto jest jedynym sąsiadem San Marino?Włochy
69%
Czy wiesz ile państw liczy się do strefy Schengen?26
67%
Czy wiesz ile lat żył najstarszy człowiek na Ziemii?122
42%
Czy wiesz jakie warzywo ma w sobie najwięcej wody?Ogórek
37%
Czy wiesz kto był pierwszym prezydentem Stanów Zjednoczonych?George Washington
31%
Czy wiesz gdzie leży Republika Kiribati?Oceania
31%
Czy wiesz jaka była najczęściej sprzedająca się gra video?Tetris
16%
Czy wiesz ile jest miast w Polsce?944
9%
Czy wiesz ile mark samochodów wywodzi się z Japonii?14 marek
0%

Rozkład punktacji

Percentyl według liczby udzielonych odpowiedzi

Procent ludzi z każdym wynikiem

Twoja historia wyników

Nie rozwiązałeś tego quizu